[Event "FRA-ch U10"]
[Site "Calvi"]
[Date "2005.04.21"]
[Round "6"]
[White "Leheu, Quentin"]
[Black "Bole, Oscar"]
[Result "0-1"]
[WhiteElo "1250"]
[BlackElo "1280"]
[PlyCount "46"]
[EventDate "2005.04.??"]
[EventType "swiss"]
[EventRounds "9"]
[EventCountry "FRA"]
[SourceTitle "EXT 2006"]
[Source "ChessBase"]
[SourceDate "2005.11.24"]
[SourceVersion "1"]
[SourceVersionDate "2005.11.24"]
[SourceQuality "1"]

1. e4 e5 2. Nf3 Nf6 3. Nc3 Bc5 4. Bc4 Nc6 5. d3 d6 6. 0-0 Be6 7. Bg5 h6 8. Be3 Nd4 9. Bxd4 exd4 10. Nd5 c6 11. Nxf6+ Qxf6 12. Bxe6 fxe6 13. Rb1 0-0 14. Re1 Qg6 15. b4 Bb6 16. a4 a5 17. bxa5 Bxa5 18. Rf1 Rf7 19. Nxd4 Bb6 20. Nf3 Raf8 21. Nd2 Rxf2 22. Rxf2 Rxf2 23. Rxb6 Qxg2# 0-1

[Event "FRA-ch U10"]
[Site "Calvi"]
[Date "2005.04.19"]
[Round "4"]
[White "Fleurquin, Bryan"]
[Black "Leheu, Quentin"]
[Result "1-0"]
[WhiteElo "1600"]
[BlackElo "1250"]
[PlyCount "97"]
[EventDate "2005.04.??"]
[EventType "swiss"]
[EventRounds "9"]
[EventCountry "FRA"]
[SourceTitle "EXT 2006"]
[Source "ChessBase"]
[SourceDate "2005.11.24"]
[SourceVersion "1"]
[SourceVersionDate "2005.11.24"]
[SourceQuality "1"]

1. e4 e5 2. Nf3 Nc6 3. Bb5 Bc5 4. Bxc6 dxc6 5. Nxe5 Nf6 6. Nd3 b6 7. Nxc5 bxc5 8. Nc3 Ba6 9. e5 Nd5 10. Qf3 0-0 11. d3 Re8 12. Qg3 Nxc3 13. Bh6 Kf8 14. Bxg7+ Ke7 15. Bf6+ Kd7 16. Bxd8 Kxd8 17. bxc3 f6 18. Qh4 Rxe5+ 19. Kd1 Re6 20. Qxh7 c4 21. Qg8+ Re8 22. Qg6 Re6 23. f4 cxd3 24. cxd3 Bxd3 25. Qxd3+ Rd6 26. Kc2 Rxd3 27. Kxd3 Rb8 28. h4 Kd7 29. h5 Ke6 30. h6 Kf7 31. h7 Kg7 32. Rae1 Rh8 33. Re7+ Kg6 34. Rxc7 a5 35. Rxc6 Rxh7 36. Rxh7 Kxh7 37. Rxf6 Kg7 38. Rd6 Kf7 39. Ke4 Ke7 40. Ke5 a4 41. a3 Kf7 42. Re6 Kg7 43. Rf6 Kh7 44. Kf5 Kg7 45. Kg5 Kh7 46. Rg6 Kh8 47. Kf6 Kh7 48. Kf7 Kh8 49. Rh6# 1-0